| 000 | 00686nam a2200229 i 4500 | ||
|---|---|---|---|
| 001 | 117008 | ||
| 003 | ES-MaACL | ||
| 005 | 20250727034609.0 | ||
| 007 | t| | ||
| 008 | 071121s1956 sp |||| | spa d | ||
| 080 | _a304:282 | ||
| 245 | 0 | 0 |
_aPensamiento pontificio sobre el bien común / _cRafael González Moralejo. |
| 260 |
_aMadrid : _bEuramérica, _c[1956] |
||
| 300 |
_aXVII, 307 p. ; _c18 cm. |
||
| 490 | 1 |
_aBien común ; _v8 |
|
| 650 | 7 |
_aIglesia y problemas sociales _2embne _913569 |
|
| 650 | 4 |
_aBien común. _9156263 |
|
| 700 | 1 |
_aGonzález Moralejo, Rafael. _958824 |
|
| 830 | 0 |
_aBien común ; _v8 _9183448 |
|
| 852 |
_aES-MaACL _jC-11938 |
||
| 999 |
_c117008 _d117008 |
||